000 00425nam a2200181Ia 4500
005 20250423095133.0
008 250422s9999 xx 000 0 und d
020 _a81-207-0813-X
050 _aLB 1051 .K86/
100 _aKundu, C. L.
245 0 _aEducational psychology
260 _aNew Delhi
260 _bSterling Publisher Pvt.Ltd
260 _c2007
300 _a616 p
650 _aEducation
942 _cBK
999 _c29355
_d29355